00309nam a2200133Ia 4500008004100000020001500041041001200056082001100068100001000079245003200089260002900121300000900150650001600159221030s9999 xx 000 0 und d a8176563099 aEnglish a105.23 aSybex 0aInternet Completecby Sybex bBPB PubaNew Delhic2000 a1005 aBE Computer